Normal view
MARC view
- Husna Iftikhar
Entry Personal Name
001 - CONTROL NUMBER
- control field: 15205
003 - CONTROL NUMBER IDENTIFIER
- control field: NUST
005 - DATE AND TIME OF LATEST TRANSACTION
- control field: 20190620094021.0
008 - FIXED-LENGTH DATA ELEMENTS
- fixed length control field: 190620|| aca||aabn | a|a d
040 ## - CATALOGING SOURCE
- Original cataloging agency: NUST
- Transcribing agency: NUST
100 ## - HEADING--PERSONAL NAME
- Personal name: Husna Iftikhar
670 ## - SOURCE DATA FOUND
- Source citation: Work cat.: (NUST): Husna Iftikhar 15204, Zinc Oxide Nanoparticles Inhibit Human Laryngeal Carcinoma by Regulating Redox Status, 2018
